| 000 | 01069nam a2200253Ia 4500 | ||
|---|---|---|---|
| 000 | 01716naaa 00373uu | ||
| 001 | https://directory.doabooks.org/handle/20.500.12854/30460 | ||
| 008 | 211013s9999 xx 000 0 und d | ||
| 020 | _a978-3-319-89297-9 | ||
| 024 | _a10.1007/978-3-319-89297-9 | ||
| 042 | _adc | ||
| 245 | 0 | _aSocietal Implications of Community-Oriented Policing and Technology | |
| 260 |
_aCham _bSpringer Nature _c2018 |
||
| 520 | _aCommunity-Oriented Policing; Policing and Society; Police Science; Police-Community Relations; Police Legitimacy; Technology and Ethics; Fear of Crime; Crime Detection | ||
| 540 | _aCreative Commons | ||
| 653 | _aCommunity-Oriented Policing | ||
| 700 | 1 | _aHaberfeld, M. R. | |
| 700 | 1 | _aHaberfeld, M. R. | |
| 700 | 1 | _aLeventakis, Georgios | |
| 700 | 1 | _aLeventakis, Georgios | |
| 856 |
_uhttps://docs.google.com/spreadsheets/d/1yKIrdCPDAG_9c22mwoOIO2DOhtj65Wqa/edit?usp=sharing&ouid=106555315294820607512&rtpof=true&sd=true _yList of Curated E-Books |
||
| 942 | _cE-BOOK | ||
| 999 |
_c52660 _d52660 |
||